World knowledge for children / (Record no. 133460)

MARC details
000 -LEADER
fixed length control field 00732nam a22002417a 4500
005 - DATE AND TIME OF LATEST TRANSACTION
control field 20170124110210.0
010 ## - LIBRARY OF CONGRESS CONTROL NUMBER
LC control number A-953492
020 ## - INTERNATIONAL STANDARD BOOK NUMBER
Terms of availability 78.00
035 ## - SYSTEM CONTROL NUMBER
System control number A-953492
037 ## - SOURCE OF ACQUISITION
Source of stock number/acquisition Cen Lib/Ret
040 ## - CATALOGING SOURCE
Original cataloging agency DPL
Language of cataloging EN
082 ## - DEWEY DECIMAL CLASSIFICATION NUMBER
Classification number 000
Item number KAT
100 ## - MAIN ENTRY--PERSONAL NAME
Personal name Katyal, Sukanya
9 (RLIN) 38002
245 ## - TITLE STATEMENT
Title World knowledge for children /
Statement of responsibility, etc by Sukanya Katyal [and] Kimti Lal; illustrated by Inder Singh
260 ## - PUBLICATION, DISTRIBUTION, ETC. (IMPRINT)
Place of publication, distribution, etc Delhi
Name of publisher, distributor, etc Shikha Publications
270 ## - ADDRESS
Address B-30,East Krishan Nagar
City Delhi
Postal code 110051
300 ## - PHYSICAL DESCRIPTION
Extent 165p. :
Dimensions 22cm(Hb)
Other physical details ill.
650 ## - SUBJECT ADDED ENTRY--TOPICAL TERM
Topical term or geographic name as entry element General Knowledge
9 (RLIN) 38003
650 ## - SUBJECT ADDED ENTRY--TOPICAL TERM
Topical term or geographic name as entry element World Knowledge
9 (RLIN) 35609
700 ## - ADDED ENTRY--PERSONAL NAME
9 (RLIN) 37914
Personal name Kimti Lal
700 ## - ADDED ENTRY--PERSONAL NAME
Personal name Singh, Inder
9 (RLIN) 38004
942 ## - ADDED ENTRY ELEMENTS (KOHA)
Source of classification or shelving scheme Dewey Decimal Classification
Koha item type English Books
Classification part 000
Call number suffix KAT
Holdings
Withdrawn status Lost status Damaged status Not for loan Home library Current library Date acquired Source of acquisition Cost, normal purchase price Total Checkouts Full call number Barcode Date last seen Date checked out Copy number Cost, replacement price Price effective from Koha item type Source of classification or shelving scheme
        Central Library Central Library 25/07/2015 Cen Lib/Ret 78.00 3 000 KAT A-953492 11/11/2018 14/10/2018 1 78.00 25/07/2015 English Books  
        Central Library Central Library 10/10/2016     1 000 KAT A-856010 05/07/2019 29/06/2019 2 78.00 10/10/2016 English Books Dewey Decimal Classification

© Delhi Public Library
Hit Counter
free hit counter